000 01370nam a2200349 i 4500
001 198205
003 ES-MaACL
005 20260527214047.0
007 ta
008 260407s2023 sp a|||| |||| 001 0 spa d
017 _aB 12094-2023
_bOficina Depósito Legal Barcelona
020 _a978-84-666-7700-4
040 _aES-MaACL
_bspa
_cES-MaACL
_erda
080 _a343.819.5
100 1 _aMartínez-Botello, Pablo
_d1963-
_4aut
_9242962
_eaut
245 1 0 _aPsicología del mal :
_bvíctimas y verdugos : aspectos psicosociales de los campos nazis /
_cPablo Martínez-Botello
250 _aPrimera edición: septiembre de 2023
264 1 _aBarcelona :
_bSinequanon,
_c2023
264 4 _c©2023
300 _a296 páginas :
_bilustraciones (blanco y negro) ;
_c23 cm
336 _2rdacontent
_aTexto
337 _2rdamedia
_asin mediación
338 _2rdacarrier
_avolumen
500 _aRegistro provisional
500 _aEjemplar firmado y dedicado por el autor
504 _aBibliografías: páginas 289-294 (página sin numerar). Índices
650 4 _aCampos de concentración nazis
_9242963
852 _aES-MaACL
_cDEPO1
_jA-16061
_hDonación: Pablo Martínez-Botello
_xEncuadernación rústica con solapas
_9207188
_zDedicatoria autógrafa del autor
942 _cMONOGRAFIA
_n0
999 _c198205
_d198205